LEADER 01122nam a2200289 u 4500 001 000000071861 003 CaOOAMICUS 005 20070226122158.0 008 020606s1991 it u000 u ita u 020 $a8830804878 035 $a10932349 040 $aPUL(R)$bita 245 03$aLe grandi figure dell'induismo /$cM. Amaladoss ... [et al.]. 260 $aAssisi :$bCittadella,$c1991. 300 $a320 p. ;$c20 cm 490 1 $aReligioni e dialogo 504 $aContiene indicazioni bibliografiche. 650 4$aInduismo.$0(OLS)http://pul/subject/21774 700 1 $aAmaladoss, Michael,$cS.I.$0(OLS)http://pul/name/47629 830 0$aReligioni e dialogo.$0(OLS)http://pul/title/92060 850 $aPUL 852 $aPUL$W1$xDP1 Cons. Gen., Altre Classi 1$y22$m780 A 144$j92953$nBK-PRI$b $qStampati$B92953$CPULBib$Z2$F92953 $H $81 941 1 $a8 961 $aINV: 69943 996 $6020$a8830804878$9(OLS)http://pul/number/92803 996 $6245$aLe grandi figure dell'induismo$9(OLS)http://pul/title/94576 996 $6260$aAssisi :$bCittadella$9(OLS)http://pul/publisher/49668 LEADER 01534nam a2200349 a 4500 001 000000134177 003 CaOOAMICUS 005 20130531093431.0 008 130531s2000 it u000 u ita r 020 $a88-420-6203-0 040 $aPUL$bita 245 00$aNichilismo e politica /$ca cura di Roberto Esposito, Carlo Galli, Vincenzo Vitiello ; con testi di J.-L. Nancy, L. Strauss, J. Taubes. 260 $aBari :$bG. Laterza,$c2000. 300 $aVII, 328 p. ;$c22 cm 490 1 $aBiblioteca di cultura moderna ;$v1153 504 $aBibliografia in nota. 650 4$aNichilismo.$0(OLS)http://pul/subject/578 700 1 $aEsposito, Roberto,$d1950-$0(OLS)http://pul/name/40097 700 1 $aGalli, Carlo.$0(OLS)http://pul/name/2733 700 1 $aVitiello, Vincenzo,$d1935-$0(OLS)http://pul/name/38145 700 1 $aStrauss, Leo,$d1899-1973.$0(OLS)http://pul/name/26684 700 1 $aNancy, Jean-Luc.$0(OLS)http://pul/name/73674 700 1 $aTaubes, Jacob,$d1923-1987.$0(OLS)http://pul/name/39149 830 0$aBiblioteca di cultura moderna (Editori Laterza) ;$v1153.$0(OLS)http://pul/title/3128 850 $aPUL 852 $aPUL$W1$xDP1 Fondo E. Rossi$y115$m1 N 22$j154259$qFondi$B153812$CPULBib$Z2$F153812 $82 941 1 $a1 961 $aSul dorso collocazione ms. di E. Rossi: N 13 0 996 $6020$a88-420-6203-0$9(OLS)http://pul/number/152898 996 $6245$aNichilismo e politica$9(OLS)http://pul/title/169631 996 $6260$aBari :$bG. Laterza$9(OLS)http://pul/publisher/48242